Menguasai kemahiran mempertingkatkan keupayaan komputer / (Record no. 4649)
[ view plain ]
| 000 -LEADER | |
|---|---|
| fixed length control field | nam a22 a 4500 |
| 003 - CONTROL NUMBER IDENTIFIER | |
| control field | AKMAL |
| 005 - DATE AND TIME OF LATEST TRANSACTION | |
| control field | 20170726150914.0 |
| 008 - FIXED-LENGTH DATA ELEMENTS--GENERAL INFORMATION | |
| fixed length control field | 170726q200u my a e | 000 0 may d |
| 020 ## - INTERNATIONAL STANDARD BOOK NUMBER | |
| International Standard Book Number | 9789673220649 (kkt.) : |
| Terms of availability | RM19.00 |
| 082 04 - DEWEY DECIMAL CLASSIFICATION NUMBER | |
| Classification number | 621.3916 YAN |
| Edition number | 22 |
| 090 00 - LOCALLY ASSIGNED LC-TYPE CALL NUMBER (OCLC); LOCAL CALL NUMBER (RLIN) | |
| Classification number (OCLC) (R) ; Classification number, CALL (RLIN) (NR) | 621.3916 |
| Local cutter number (OCLC) ; Book number/undivided call number, CALL (RLIN) | YAN |
| 110 2# - MAIN ENTRY--CORPORATE NAME | |
| Corporate name or jurisdiction name as entry element | Yani, Ahmad |
| 9 (RLIN) | 8950 |
| 245 10 - TITLE STATEMENT | |
| Title | Menguasai kemahiran mempertingkatkan keupayaan komputer / |
| Statement of responsibility, etc. | Ahmad Yani ; [adaptasi] Mazlina Ismail ; [editor: Kamarudin Kahar] |
| 246 14 - VARYING FORM OF TITLE | |
| Title proper/short title | Menguasai kemahiran mempertingkatkan keupayaan komputer = |
| Remainder of title | Mastering th skills of computer upgrading |
| 250 ## - EDITION STATEMENT | |
| Edition statement | Ed. bahasa Malaysia |
| 260 ## - PUBLICATION, DISTRIBUTION, ETC. | |
| Place of publication, distribution, etc. | Kuala Lumpur : |
| Name of publisher, distributor, etc. | Synergy Media, |
| Date of publication, distribution, etc. | [200?] |
| 300 ## - PHYSICAL DESCRIPTION | |
| Extent | 104ms. : |
| Other physical details | il. wrn. ; |
| Dimensions | 25cm. |
| 490 1# - SERIES STATEMENT | |
| Series statement | Siri kemahiran diri |
| 650 10 - SUBJECT ADDED ENTRY--TOPICAL TERM | |
| Topical term or geographic name entry element | Computers |
| General subdivision | Maintenance and repair |
| 9 (RLIN) | 8951 |
| 700 0# - ADDED ENTRY--PERSONAL NAME | |
| Personal name | Mazlina Ismail |
| 9 (RLIN) | 5107 |
| 700 0# - ADDED ENTRY--PERSONAL NAME | |
| Personal name | Kamarudin Kahar |
| 9 (RLIN) | 8952 |
| 830 #0 - SERIES ADDED ENTRY--UNIFORM TITLE | |
| Uniform title | Siri kemahiran diri |
| 9 (RLIN) | 8953 |
| 942 ## - ADDED ENTRY ELEMENTS (KOHA) | |
| Source of classification or shelving scheme | |
| Koha item type | Book |
| 950 ## - LOCAL HOLDINGS (RLIN) | |
| Permanent shelving location, LOC (RLIN) | AKMAL |
| Withdrawn status | Lost status | Source of classification or shelving scheme | Damaged status | Not for loan | Collection code | Home library | Current library | Shelving location | Date acquired | Inventory number | Total Checkouts | Full call number | Barcode | Date last seen | Price effective from | Koha item type |
|---|---|---|---|---|---|---|---|---|---|---|---|---|---|---|---|---|
| NON-FICTION | AKMAL Melaka | AKMAL Melaka | PINJAMAN | 26.07.2017 | 602760 | 621.3916 YAN | 201707646 | 26.07.2017 | 26.07.2017 | Book | ||||||
| NON-FICTION | AKMAL Melaka | AKMAL Melaka | PINJAMAN | 26.07.2017 | 602761 | 621.3916 YAN | 201707647 | 26.07.2017 | 26.07.2017 | Book | ||||||
| NON-FICTION | AKMAL Melaka | AKMAL Melaka | PINJAMAN | 26.07.2017 | 602762 | 621.3916 YAN | 201707648 | 26.07.2017 | 26.07.2017 | Book | ||||||
| NON-FICTION | AKMAL Melaka | AKMAL Melaka | PINJAMAN | 26.07.2017 | 602763 | 621.3916 YAN | 201707649 | 26.07.2017 | 26.07.2017 | Book | ||||||
| NON-FICTION | AKMAL Melaka | AKMAL Melaka | PINJAMAN | 26.07.2017 | 602764 | 621.3916 YAN | 201707650 | 26.07.2017 | 26.07.2017 | Book |
